Možnosti a význam poistenia úverov na našom poistnom trhu

Salvato in:
Dettagli Bibliografici
Autore principale: Bačová, Monika
Altri autori: Kafková, Eva
Natura: Capitolo di libro
Lingua:slovacco
Tags: Aggiungi Tag
Nessun Tag, puoi essere il primo ad aggiungerne!!

MARC

LEADER 00000naa$a2200000$$$4500
001 0096682
005 20240502072055.7
041 0 |a slo 
044 |a SK 
245 1 0 |a Možnosti a význam poistenia úverov na našom poistnom trhu  |c Monika Bačová, Eva Kafková 
100 1 |a Bačová, Monika 
700 1 |a Kafková, Eva